00835nam a22002177a 4500999001900000005001700019010001500036020002600051035001400077037001300091082001200104100002700116245007900143250001200222260004200234270012400276300003100400700002000431942002600451952014000477 c166296d16629620190718161106.0 aENG-126003 c679.00a9789353435868 aEN-109535 bDBAD/PUB a620.001 aDas, P.Sivaramakrishna aEngineering mathematics-1 /cby P.Sivaramakrishna Das [and] C.Vijayakumari a4th ed. aNoidabPearson India Education c2019 a15th, Floor, Tower-B, World Trade Tower, Plot No.1, Block-C, Sector 16bNoidae201301mdeerghayuinternational@gmail.com avarious paging.c24cm(pbk) aVijayakumari, C 2ddccENh620.001mSIV 001040708NFICaAVbAVd2019-07-18eDBAD/PUBg679.00l1m2o620.00151 DASpEN-109535r2022-09-26 00:00:00s2022-08-12t1v679.00yEN